000 01827nam a22002297a 4500
999 _c56945
_d56945
003 Ge_BSU
005 20221221152138.0
008 190710s2019 GE ||||| |||| 00| 0 geo d
041 _ageo
080 _a336.71 ღ-83
100 _aღოღობერიძე, თამარ.
_93192
245 _aეფექტურ რისკ-მენეჯმენტზე მოქმედი ფაქტორების სრულყოფის გზები თანამედროვე საბანკო სისტემაში /
_cთამარ ღოღობერიძე ; სამეცნ.ხელმძღ : ლელა ონიანი.
264 _aბათუმი :
_bშოთა რუსთაველის სახელმწიფო უნ-ტი,
_c2019.
300 _a156 გვ .:
_bცხრ ; დიაგრამები ;
_c30 სმ.
653 _aეფექტურ რისკ-მენეჯმენტზე მოქმედი ფაქტორების სრულყოფის გზები თანამედროვე საბანკო სისტემაში
653 _aდისერტაცია
653 _aეკონომიკა
700 _aონიანი, ლელა
_eსამეცნიერო ხელმძღვანელი
_93193
710 _aბათუმის შოთა რუსთაველის სახელმწიფო უნ-ტი
_92660
710 _aეკონომიკისა და ბიზნესის ფაკულტეტი საფინანსო საბანკო და სადაზღვევო საქმის დარგობრივი დეპარტამენტი
_93194
942 _2udc
_cDS